School Playground Logic Puzzle Quiz Stats

 Plays Quiz not verified by Sporcle

Challenge
Share
Tweet
The headteacher is spying over everybody in the playground - she knows which children have friends (F) and which children are lonely (L) and who the teachers (T) are. Bob wants to know all about it - can you help him?
Score 0/16 Timer 20:00
0 Plays Today
Name Answer % Correct
A1
Bob



???
100%
B1
James



???
96.7%
B2
Kate



???
89.6%
B3
Mikey



???
87.9%
B4
Joe



???
87.1%
A3
Gethin



???
84.4%
C2
Nathan



???
81.8%
D1
Reuben



???
79.5%
Name Answer % Correct
C4
Beth



???
78.8%
A2
Eva



???
77.4%
A4
Owen



???
76%
C1
Jack



???
50.9%
C3
Natalie



???
43.6%
D2
Tony



???
36.9%
D4
Otis



???
35.6%
D3
Zoe



???
35.4%

You're not logged in!

Compare scores with friends on all Sporcle quizzes.
Join for Free
OR
Log In

You Might Also Like...

Show Comments

Extras

Curator's Pick Jan 1, 2017ReportNominate
Tags:Logic Quiz, Puzzle Quiz, lonely, school

Top Quizzes Today


Score Distribution

Your Account Isn't Verified!

In order to create a playlist on Sporcle, you need to verify the email address you used during registration. Go to your Sporcle Settings to finish the process.

Report this User

Report this user for behavior that violates our Community Guidelines.

Details: